Best practices in organization development and change : (Record no. 140008)

MARC details
000 -LEADER
fixed length control field 01015cam a2200241 a 4500
001 - CONTROL NUMBER
control field vtls003221914
003 - CONTROL NUMBER IDENTIFIER
control field MY-SjTCS
005 - DATE AND TIME OF LATEST TRANSACTION
control field 20200226114913.0
008 - FIXED-LENGTH DATA ELEMENTS--GENERAL INFORMATION
fixed length control field 110808s2001 caua 001 0 eng d
020 ## - INTERNATIONAL STANDARD BOOK NUMBER
International Standard Book Number 9780470604557 (pbk.)
020 ## - INTERNATIONAL STANDARD BOOK NUMBER
International Standard Book Number 0470604557 (pbk.)
039 #9 - LEVEL OF BIBLIOGRAPHIC CONTROL AND CODING DETAIL [OBSOLETE]
Level of rules in bibliographic description 201603091717
Level of effort used to assign nonsubject heading access points malathy
Level of effort used to assign subject headings 201110131348
Level of effort used to assign classification pushpa
Level of effort used to assign subject headings 201109291636
Level of effort used to assign classification siew_eng
-- 201108081004
-- malathy
082 04 - DEWEY DECIMAL CLASSIFICATION NUMBER
Classification number 658.406
Item number BES 2001
245 00 - TITLE STATEMENT
Title Best practices in organization development and change :
Remainder of title culture, leadership, retention, performance, coaching : case studies, tools, models, research /
Statement of responsibility, etc. Linkage, Inc. ; Louis Carter, David Giber, and Marshall Goldsmith, editors.
260 ## - PUBLICATION, DISTRIBUTION, ETC.
Place of publication, distribution, etc. San Francisco, Calif. :
Name of publisher, distributor, etc. Jossey-Bss/Pfeiffer,
Date of publication, distribution, etc. 2001.
300 ## - PHYSICAL DESCRIPTION
Extent xx, 551 p. :
Other physical details ill. ;
Dimensions 24 cm.
504 ## - BIBLIOGRAPHY, ETC. NOTE
Bibliography, etc. note Includes bibliographical references and index.
650 #0 - SUBJECT ADDED ENTRY--TOPICAL TERM
Topical term or geographic name entry element Organizational change
Form subdivision Case studies.
9 (RLIN) 15799
700 1# - ADDED ENTRY--PERSONAL NAME
Personal name Carter, Louis.
700 1# - ADDED ENTRY--PERSONAL NAME
Personal name Giber, David J
700 1# - ADDED ENTRY--PERSONAL NAME
Personal name Goldsmith, Marshall.
9 (RLIN) 6102
920 ## - Programme
Programme TBS : 170183
Holdings
Withdrawn status Lost status Source of classification or shelving scheme Damaged status Not for loan Collection code Home library Current library Date acquired Cost, normal purchase price Total Checkouts Barcode Date last seen Copy number Cost, replacement price Koha item type Public note
Withdrawn   Dewey Decimal Classification     Please fill up online form at https://taylorslibrary.taylors.edu.my/services/external_storage1 Taylor's Library-TU TU External Storage-LCS 22/08/2011 379.80   5000120323 05/12/2019 1 379.80 Main Collection TBSxx,34001,03,CL